Nuevas especies y combinaciones en la subtribu Wettiniinae (<Palmae>) (Registro nro. 14372)

Detalles MARC
000 -CABECERA
Campo de control 003160000a22001090004500
090 ## - CLASIFICACIÓN LOCAL
Colección AS
Consecutivo Seriadas
041 0# - IDIOMA
Código de idioma para texto/pista de sonido o título separado
100 1# - ASIENTO PRINCIPAL--NOMBRE PERSONAL
Nombre personal Bernal, Rodrigo G.
245 10 - MENCION DE TITULO
Título Nuevas especies y combinaciones en la subtribu Wettiniinae (<Palmae>)
773 1# - Item fuente:
Título Caldasia
Especificación de materiales 45
Descripción física 82-85
Paginas del Articulo 367-378
Lugar, editorial y fecha de publicación 1995
Información sobre la relación 17
942 ## - ELEMENTOS ADICIONALES (KOHA)
Tipo de ítem Artículo

No hay ítems disponibles.